Simple comme bonjour - Statistiques

Statistiques générales
  • Ce quiz a été pris 166 fois
  • Le résultat moyen est 16 sur 21
Statistiques - réponses
Hint Réponse % Correct
Possède 7 lettres Bonjour
94%
Possède 3 voyelles Bonjour
87%
S'oppose à "Au revoir" Bonjour
85%
Terme de tennis Simple
85%
Opposé à "Complexe" Simple
84%
On peut mettre "Re" devant Bonjour
83%
Conjonction et adverbe Comme
83%
Commence par la 3 ème lettre de l'alphabet Comme
83%
Pas double Simple
83%
Adjectif et nom masculin Simple
82%
Précède : "D'esprit" Simple
82%
Single Simple
80%
« Dieu sait » peut le précéder Comme
75%
S'oppose à "contrairement" Comme
74%
Précède « de bien entendu » Comme
72%
Commode Simple
70%
A l'instar de Comme
64%
Possède 2 syllabes Bonjour
55%
Combien Comme
54%
Précède "Les dégâts" Bonjour
53%
Nom masculin Bonjour
43%
Aucun quiz correspondant
Distribution des résultats
% des personnes avec chaque résultat
Percentile par nombre de réponses
Votre historique - résultats
Vous n’avez pas pris ce quiz